Технология получения керамических подложек из нитрида алюминия методом литья; Перспективы развития фундаментальных наук

Podrobná bibliografie
Parent link:Перспективы развития фундаментальных наук.— 2012.— [С. 762-765]
Další autoři: Пестрецова Н. Е. (научный руководитель), Земницкая А. А., Ларина К. В., Борискин С. А., Дитц А. А. Александр Андреевич
Shrnutí:Заглавие с экрана
We conducted research for the production of aluminum nitride substrates by slip casting in the film. The dependences of the viscosity of the composition of the slurry. Mode is selected sintering substrates. The resulting substrate has a relative density of 98.2% and 0.08% water absorption, which can be used in the manufacture of various electronic devices.
Jazyk:ruština
Vydáno: 2012
Edice:Технология
Témata:
On-line přístup:http://www.lib.tpu.ru/fulltext/c/2012/C21/258.pdf
Médium: Elektronický zdroj Kapitola
KOHA link:https://koha.lib.tpu.ru/cgi-bin/koha/opac-detail.pl?biblionumber=239383

MARC

LEADER 00000naa2a2200000 4500
001 239383
005 20251208093524.0
035 |a (RuTPU)RU\TPU\book\260602 
035 |a RU\TPU\book\260495 
090 |a 239383 
100 |a 20130607d2012 k y0rusy50 ca 
101 0 |a rus 
102 |a RU 
135 |a drcn ---uucaa 
181 0 |a i  
182 0 |a b 
200 1 |a Технология получения керамических подложек из нитрида алюминия методом литья  |f Н. Е. Пестрецова [и др.]  |g науч. рук. А. А. Дитц  |d Technology ceramic substrates of aluminum nitride by tape casting 
203 |a Текст  |c электронный 
215 |a 1 файл(386 Кб) 
225 1 |a Технология 
300 |a Заглавие с экрана 
330 |a We conducted research for the production of aluminum nitride substrates by slip casting in the film. The dependences of the viscosity of the composition of the slurry. Mode is selected sintering substrates. The resulting substrate has a relative density of 98.2% and 0.08% water absorption, which can be used in the manufacture of various electronic devices. 
337 |a Adobe Reader 
463 1 |0 (RuTPU)RU\TPU\book\256864  |t Перспективы развития фундаментальных наук  |l Prospects of fundamental sciences development  |o сборник научных трудов IX Международной конференция студентов и молодых ученых, г. Томск, 24-27 апреля 2012 г.  |f Национальный исследовательский Томский политехнический университет (ТПУ) ; ред. коллегия Е. А. Вайтулевич ; Г. А. Лямина ; Г. А. Воронова ; М. П. Никитич ; А. М. Лидер ; Ю. Р. Цой ; М. Е. Семенов  |v [С. 762-765]  |d 2012 
510 1 |a Technology ceramic substrates of aluminum nitride by tape casting  |z eng 
610 1 |a электронный ресурс 
610 1 |a труды учёных ТПУ 
610 1 |a технология 
610 1 |a получение 
610 1 |a керамические подложки 
610 1 |a нитрид алюминия 
610 1 |a литье 
701 1 |a Пестрецова  |b Н. Е. 
701 1 |a Земницкая  |b А. А. 
701 1 |a Ларина  |b К. В. 
701 1 |a Борискин  |b С. А. 
702 1 |a Дитц  |b А. А.  |c химик-технолог  |c доцент Томского политехнического университета  |f 1981-  |g Александр Андреевич  |4 727 
801 1 |a RU  |b 63413507  |c 20101016 
801 2 |a RU  |b 63413507  |c 20131017  |g RCR 
856 4 |u http://www.lib.tpu.ru/fulltext/c/2012/C21/258.pdf 
942 |c CF